000 00850nam a22002657a 4500
003 OSt
005 20260601193901.0
008 260507b enka|||| |||| 00| 0 eng d
020 _a0863555527
040 _aICI
_bspa
_cICI
050 _aNK1390
_bM94 1997
100 _aCampbell, Emily,
_eauthor.
_933894
245 _aMy world :
_bthe new subjectivity in design /
_cEmily Campbell.
300 _a40 páginas :
_bilustraciones a color ;
650 _aDesign
_xPsychological aspects.
_933895
650 _aPostmodernism.
_933896
650 _aSubjectivity.
_933897
650 _aDiseño
_xAspectos psicológicos.
_933898
650 _aPosmodernismo.
_933899
650 _aSubjetividad.
_933900
650 _aDiseño contemporáneo.
650 _aDiseño industrial
_xAspectos culturales.
_933902
655 _aLibros ilustrados.
942 _2lcc
_cB
_n1
999 _c22241
_d22241